UBT Library

MANAGING INFECTIOUS DISEASES IN CHILD CARE AND SCHOOLS (Record no. 9057)

000 -LEADER
fixed length control field 00329nam a22001337a 4500
008 - FIXED-LENGTH DATA ELEMENTS--GENERAL INFORMATION
fixed length control field 170329b xxu||||| |||| 00| 0 eng d
020 ## - INTERNATIONAL STANDARD BOOK NUMBER
International Standard Book Number 9781581102666
041 ## - LANGUAGE CODE
Language code of text/sound track or separate title eng
080 ## - UNIVERSAL DECIMAL CLASSIFICATION NUMBER
Universal Decimal Classification number 616-053.2
100 ## - Rafti
Rafti 8
101 ## - Shkurtesa
Shkurtesa SHM
245 ## - TITLE STATEMENT
Title MANAGING INFECTIOUS DISEASES IN CHILD CARE AND SCHOOLS
Statement of responsibility, etc ARONSON, S.S
942 ## - ADDED ENTRY ELEMENTS (KOHA)
Source of classification or shelving scheme
Item type Books
Holdings
Withdrawn status Lost status Source of classification or shelving scheme Damaged status Not for loan Collection code Permanent location Current location Shelving location Date acquired Total Checkouts Full call number Barcode Date last seen Price effective from Koha item type
          Koleksioni i përgjithshem UBT - Lipjan UBT - Lipjan Koleksioni i përgjithshem 03/29/2017   616-053.2 ARO 002-034650 03/29/2017 03/29/2017 Books
          Koleksioni i përgjithshem UBT - Lipjan UBT - Lipjan   03/27/2023   610.73ARO   03/27/2023 03/27/2023 Books
UBT Library © 2015-2024. All rights reserved University Education for Business and Technology